000 00892nam a2200217Ia 4500
001 684
003 GE_BSU
008 181216s||||||||xx |||||||||||||| ||und||
040 _cGE_BSU
080 _a657(075.8)
245 _a”ორის ბუღალტერია”. სახელმძღვანელო საბუღალტრო აღრიცხვის პროგრამა
245 _bსახელმძღვანელო საბუღალტრო აღრიცხვის პროგრამა
260 _aთბილისი
260 _bშპს ორისი
260 _c2007
300 _a427 გვ.
541 _h15 ლ.
653 _aბუღალტერია
653 _aსახელმძღვანელო საბუღალტრო აღრიცხვის პროგრამა
942 _cBK
999 _c34866
_d34866